[Event "World op"]
[Site "Philadelphia"]
[Date "1994.??.??"]
[Round "?"]
[White "Gulko, Boris F"]
[Black "Adianto, Utut"]
[Result "0-1"]
[WhiteElo "2615"]
[BlackElo "2535"]

1.d4 d5 2.c4 dxc4 3.e4 Nf6 4.e5 Nd5 5.Bxc4 Nb6 6.Bd3 Nc6 7.Be3 Nb4 8.Be4 c6
9.Nc3 g6 10.Nge2 N4d5 11.O-O Bg7 12.Nf4 Nxf4 13.Bxf4 Be6 14.a4 a5 15.Rb1 O-O
16.b4 Nc4 17.bxa5 Qxa5 18.Qc1 Rfd8 19.d5 cxd5 20.Rb5 dxe4 21.Rxa5 Nxa5 22.Nxe4 Nb3
23.Qc7 Rd7 24.Qc3 h6 25.Be3 Rxa4 26.Nc5 Nxc5 27.Qxc5 Re4 28.f4 Rd3 29.Bc1 Rc4
30.Qb5 Bd5 31.Re1 e6 32.Be3 Bf8 33.Kf1 Rcc3 34.Qb6 Kg7 35.Bd4 Rc2 36.Re2 Rd1+
37.Kf2 Rc6 38.Qb2 Rxd4  0-1

[Event "Platja d'Aro Barcino"]
[Site "Platja d'Aro"]
[Date "1994.??.??"]
[Round "?"]
[White "Comas Fabrego, Luis"]
[Black "Cifuentes Parada, Roberto"]
[Result "0-1"]
[WhiteElo "2500"]
[BlackElo "2490"]

1.d4 d5 2.c4 dxc4 3.e4 c5 4.d5 e6 5.Bxc4 Nf6 6.Nc3 exd5 7.Nxd5 Nxd5 8.Bxd5 Be7
9.Ne2 O-O 10.O-O Nd7 11.Nc3 Nb6 12.Bf4 Kh8 13.Qh5 Nxd5 14.Nxd5 Bd6 15.e5 Bb8
16.Rad1 Qe8 17.Qh4 Qe6 18.Rfe1 Re8 19.h3 Bd7 20.Nf6 gxf6 21.Rxd7 Bxe5 22.Bxe5 fxe5
23.Red1 Qf5 24.Rxb7 Rg8 25.Rc7 Qf3  0-1

[Event "Wisla op (Women)"]
[Site "Poland"]
[Date "1994.??.??"]
[Round "?"]
[White "Litinskaya, Marta I"]
[Black "Ciuksyte, Dagne"]
[Result "1-0"]
[WhiteElo "2290"]
[BlackElo "2095"]

1.d4 d5 2.c4 dxc4 3.e4 e5 4.Nf3 Bb4+ 5.Bd2 Bxd2+ 6.Nbxd2 exd4 7.Bxc4 Nh6
8.O-O O-O 9.Nb3 Qe7 10.Qc2 Nc6 11.Nbxd4 Nxd4 12.Nxd4 Ng4 13.Rad1 Re8 14.Rfe1 Bd7
15.f4 Rad8 16.h3 Nf6 17.e5 Qb4 18.a3 Qb6 19.Qf2 Nh5 20.g4 Ng3 21.Kg2 Ne4
22.Rxe4 Bc6 23.Nxc6 Rxd1 24.Qxb6 axb6 25.Nb4 Rd2+ 26.Re2 Rd4 27.Ba2 Rxf4
28.Nd5 Rd4 29.Nxc7 Rd7  1-0

[Event "ROM-chT"]
[Site "ROM"]
[Date "1994.??.??"]
[Round "?"]
[White "Erhan, Raluca"]
[Black "Baumstark, Gertrude"]
[Result "1-0"]
[WhiteElo "2095"]
[BlackElo "2135"]

1.d4 d5 2.c4 dxc4 3.e4 Nc6 4.Be3 Nf6 5.e5 Nd5 6.Bxc4 Bf5 7.Ne2 e6 8.O-O Nce7
9.Nbc3 Nb6 10.Bb3 c6 11.Bc2 Qd7 12.Ng3 Bxc2 13.Qxc2 h5 14.Nce4 Ng6 15.Nc5 Bxc5
16.dxc5 Nd5 17.Bd4 Ndf4 18.Rfd1 Qd5 19.Ne4 Nxe5 20.Be3 Nfd3 21.Nd6+ Kf8 22.f4 Nb4
23.Qe2 Ned3 24.a3 Qb3 25.axb4 Nxb4 26.Ra3 Qc2 27.Qxc2 Nxc2 28.Rc3 Nxe3 29.Rxe3 Ke7
30.f5 b6 31.fxe6 fxe6 32.Nf5+ Kf6  1-0

[Event "ROM-chT"]
[Site "ROM"]
[Date "1994.??.??"]
[Round "?"]
[White "Litinskaya, Marta I"]
[Black "Nutu Gajic, Dana"]
[Result "1-0"]
[WhiteElo "2290"]
[BlackElo "2330"]

1.d4 d5 2.c4 dxc4 3.e4 Nf6 4.e5 Nd5 5.Bxc4 Nb6 6.Bb3 Nc6 7.Ne2 Bg4 8.Nbc3 e6
9.a3 Bxe2 10.Nxe2 Qd7 11.Be3 Na5 12.Ba2 Nac4 13.Qc2 Qb5 14.Rb1 c5 15.O-O Rc8
16.Qe4 Nxe3 17.Qxe3 Be7 18.Nc3 cxd4 19.Qxd4 Qc5 20.Qe4 Qc6 21.Qg4 O-O 22.Rbc1 Nd7
23.Nd5 Qxc1 24.Nxe7+ Kh8 25.Nxc8 Qxc8 26.Qd4 Qc7 27.f4 Nb6 28.f5 Rd8 29.fxe6 fxe6
30.Bxe6 h6 31.Qe4 Qc5+ 32.Kh1 Qb5 33.Rg1 Re8 34.Qg6 Qc6 35.Bf5 Qxg6 36.Bxg6 Rxe5
37.Rd1 Nd7 38.h3 Re7 39.b4 Kg8 40.Kh2 Nf8 41.Rd8 Re3 42.a4 b6 43.Ra8 a5 44.bxa5 bxa5
45.Bb1 Ra3 46.Be4 Kf7 47.Rxa5 Kf6 48.Rf5+ Ke7 49.a5 Ne6 50.Bb7 Nd8 51.Bf3 Ne6
52.Rd5 Nc7 53.Rc5 Ne6 54.Re5 Kf6 55.Rd5 Ng5 56.Bg4 Nf7 57.Bc8 Ke7 58.Rd7+ Kf6
59.a6 Ne5 60.Rc7 g5 61.a7 h5 62.Rb7 g4 63.Rb6+ Kf7 64.Ra6 g3+ 65.Kg1 Rc3
66.Kf1 Rxc8 67.a8=Q Rxa8 68.Rxa8 Ng6 69.Ra3  1-0

[Event "Sala op"]
[Site "Sala"]
[Date "1994.??.??"]
[Round "3"]
[White "Timoshchenko, Gennadi A"]
[Black "Meister, Yakov"]
[Result "1/2-1/2"]
[WhiteElo "2520"]
[BlackElo "2145"]

1.d4 d5 2.c4 dxc4 3.e4 Nc6 4.Be3 e5 5.d5 Nce7 6.Bxc4 Nf6 7.Nc3 Ng6 8.Bb5+ Nd7
9.g3 a6 10.Ba4 Bd6 11.h4 b5 12.Bc2 Nb6 13.Bd3 Ne7 14.Nf3 Bg4 15.Be2 Bd7 16.a3  1/2-1/2

[Event "San Martin"]
[Site "San Martin"]
[Date "1994.??.??"]
[Round "11"]
[White "Sorin, Ariel"]
[Black "Scarella, Enrique"]
[Result "1-0"]
[WhiteElo "2470"]
[BlackElo "2405"]

1.d4 d5 2.c4 dxc4 3.e4 Nc6 4.Be3 Nf6 5.Nc3 e5 6.d5 Ne7 7.Bxc4 Ng6 8.Bb5+ Nd7
9.Qd2 Bd6 10.Nge2 Qe7 11.f3 a6 12.Bd3 Nf6 13.h4 Nh5 14.g3 Bd7 15.O-O-O b5
16.Rdf1 b4 17.Nd1 c6 18.Bc4 h6 19.dxc6 Bxc6 20.g4 Nhf4 21.Ng3 Bd7 22.Nf5 Bxf5
23.exf5 Qc7 24.b3 Ne7 25.Nf2 Rd8 26.Rd1 O-O 27.Qc2 Nc6 28.Ne4 Nd4 29.Rxd4 exd4
30.Bxd4 Nd5 31.f6 Bf4+ 32.Kb1 Nc3+ 33.Nxc3 bxc3 34.Qg6 c2+ 35.Ka1  1-0

[Event "SLO-chT"]
[Site "?"]
[Date "1994.??.??"]
[Round "?"]
[White "Stojnic, Miodrag"]
[Black "Lampic, Gorazd"]
[Result "1-0"]
[WhiteElo "1990"]
[BlackElo "2040"]

1.d4 d5 2.c4 dxc4 3.e4 e5 4.Nf3 Bb4+ 5.Nbd2 exd4 6.Bxc4 Nf6 7.O-O O-O 8.e5 Ne8
9.Nb3 Bg4 10.Qxd4 Qd7 11.Ng5 Nc6 12.Qf4 Be6 13.Qh4 h6 14.Nxe6 fxe6 15.Qg4 Kh8
16.Bxe6 Qd3 17.Rd1 Qc2 18.Bd2 a5 19.Nd4 Nxd4 20.Qxd4 Bc5 21.Qc4 Qxc4 22.Bxc4 Rxf2
23.Kh1 c6 24.Bc3 b5 25.Be6 b4 26.Bd4 Bxd4 27.Rxd4 Nc7 28.Bc4 Rxb2 29.Rd7 Nb5
30.e6 Re8 31.e7 Rf2 32.Bxb5 Rf7 33.Bxc6 Rfxe7 34.Rxe7 Rxe7 35.Kg1 Re2 36.Ba4 Kh7
37.Kf1 Rb2 38.Bb3 Kg6 39.Bd5 Kf5 40.Ke1 Kf4 41.Kd1 Ke3 42.Kc1 Rf2 43.a3 Kd4
44.axb4 axb4 45.Bf3 Kc3 46.Ra7 b3 47.Rc7+ Kd3 48.Rxg7 Kc3 49.Rc7+ Kd4 50.Re7 Kd3
51.Re6 h5 52.Re7 h4 53.h3 Kd4 54.Re2 Rf1+ 55.Kb2 Kd3 56.Re4 Rf2+ 57.Kxb3 Kd2
58.Rd4+  1-0

[Event "EUCup Gr2"]
[Site "Strasbourg"]
[Date "1994.??.??"]
[Round "?"]
[White "Hertneck, Gerald"]
[Black "Kallai, Gabor"]
[Result "1-0"]
[WhiteElo "2605"]
[BlackElo "2510"]

1.d4 d5 2.c4 dxc4 3.e4 c5 4.d5 Nf6 5.Nc3 e6 6.Bxc4 exd5 7.Nxd5 Nxd5 8.Bxd5 Be7
9.Ne2 Na6 10.O-O Nc7 11.Nc3 O-O 12.Bf4 Ne6 13.Be3 Rb8 14.a4 a6 15.a5 b5 16.axb6 Qxb6
17.b4 Qc7 18.bxc5 Bxc5 19.Qd2 Bb4 20.Rfc1 a5 21.Qd1 Qe7 22.Bc6 Bxc3 23.Rxc3 Bb7
24.Bxb7 Qxb7 25.Qd5 Rfd8 26.Qxb7 Rxb7 27.Rca3 Rb5 28.f3 Ra8 29.Bd2 Nc5 30.Bxa5 Rb3
31.R3a2 Nd3 32.Kf1 h5 33.Ra3 Rxa3 34.Rxa3 Ne5 35.Bb4 Rxa3 36.Bxa3 f6 37.Ke2 Kf7
38.f4 Nc4 39.Bc5 g6 40.Kd3 Na5 41.f5 Nc6 42.Bd6 Na5 43.Kd4 Nb3+ 44.Kc4 Nd2+
45.Kd3 Nb3 46.Bb4 Nc1+ 47.Kc4 Ne2 48.Bd2  1-0

[Event "SVK-chT"]
[Site "?"]
[Date "1994.??.??"]
[Round "?"]
[White "Timoshchenko, Gennadi A"]
[Black "Dudas, Jan"]
[Result "0-1"]
[WhiteElo "2540"]
[BlackElo "2290"]

1.d4 d5 2.c4 dxc4 3.e4 c5 4.d5 b5 5.a4 Nf6 6.Qc2 Na6 7.Bd2 Nb4 8.Bxb4 cxb4
9.axb5 e6 10.Bxc4 exd5 11.exd5 Nxd5 12.Qe4+ Be6 13.Nf3 Rc8 14.Nbd2 Bc5 15.O-O O-O
16.Rac1 Re8 17.Nb3 Nc3 18.Rxc3 bxc3 19.Nxc5 Rxc5 20.Bxe6 Rxe6 21.Qb4 Qb6
22.bxc3 Rxb5 23.Qc4 Re8 24.h4 Rb1 25.Rxb1 Qxb1+ 26.Kh2 Qe4 27.Qa6 Qf4+ 28.Kh3 Qc7
29.c4 Qc8+  0-1

[Event "SVK-chT"]
[Site "?"]
[Date "1994.??.??"]
[Round "?"]
[White "Voloshin, Leonid"]
[Black "Husek, Zdenek"]
[Result "1/2-1/2"]
[WhiteElo "2410"]
[BlackElo "2255"]

1.d4 d5 2.c4 dxc4 3.e4 e5 4.Nf3 Nf6 5.Nc3 exd4 6.Qxd4 Qxd4 7.Nxd4 Bb4 8.f3 a6
9.Bxc4 b5 10.Be2 c5 11.Nc2 Nc6 12.Be3 Be6 13.a3 Bxc3+ 14.bxc3 Bb3 15.O-O-O Nd7
16.Rd6 Rc8 17.Rhd1 Nb6 18.f4 O-O 19.e5 Na4 20.Bg4 Rc7 21.Rd7 Rcc8 22.Rb7 Rcd8
23.Rxd8 Rxd8 24.Rd7 Rxd7 25.Bxd7 Bd5 26.g3 Na5 27.f5 Nb3+ 28.Kd1 Nxc3+ 29.Ke1 Kf8
30.Bg5 Ne4 31.Bd8 Nd4 32.Nxd4 cxd4 33.Ba5 Ke7 34.Bc8 Bc6 35.Bxa6 Kd7 36.Bb4 Ng5
37.Ke2 Nf3 38.Bxb5 Nxe5 39.a4 Bxb5+ 40.axb5 g6 41.Bc5 d3+ 42.Ke3 gxf5 43.h3 h5
44.Bb4 Kc7 45.Bc3 f6 46.Ba5+ Kd6 47.Kd4 Kd7  1/2-1/2

[Event "SVK-chT"]
[Site "?"]
[Date "1994.??.??"]
[Round "?"]
[White "Likavsky, Tomas"]
[Black "Husek, Zdenek"]
[Result "0-1"]
[WhiteElo "2240"]
[BlackElo "2255"]

1.d4 d5 2.c4 dxc4 3.e4 e5 4.Nf3 exd4 5.Bxc4 Bb4+ 6.Nbd2 Nc6 7.O-O Nf6 8.e5 Nd5
9.Nb3 O-O 10.Nbxd4 Nb6 11.Nxc6 bxc6 12.Be2 Be7 13.Qc2 Be6 14.Qxc6 Bd5 15.Qc2 c5
16.Be3 Rc8 17.Rfd1 Rc7 18.Ne1 Qa8 19.Bf3 h6 20.Rac1 Rd8 21.Qe2 Rcd7 22.Bxd5 Rxd5
23.Nf3 Nd7 24.Bd2 Nf8 25.Bc3 Ne6 26.g3 Bg5 27.Ra1 c4 28.Ne1 Be7 29.h4 Bc5
30.Qf3 Bd4 31.Bxd4 Nxd4 32.Qe4 Qb8 33.e6 fxe6 34.Rab1 Qd6 35.Rdc1 Re5 36.Qb7 Ne2+
37.Kg2 Nxc1 38.Rxc1 Qd5+ 39.Qxd5 exd5 40.Nf3 Re2 41.b3 d4 42.bxc4 Rxa2 43.Rd1 d3
44.Ne5 d2 45.Kf1 a5 46.Ke2 a4 47.Nc6 Rd6 48.Nb4 Rb2 49.Nd3 Re6+ 50.Kf1 Rc2
51.Nc5 Rc1 52.Nxe6 Rxd1+ 53.Ke2 Re1+  0-1

[Event "SWE-chT 9394"]
[Site "SWE"]
[Date "1994.??.??"]
[Round "6"]
[White "Kretz, Johan"]
[Black "Eriksson, Mats"]
[Result "1-0"]
[WhiteElo "2195"]
[BlackElo "2225"]

1.d4 d5 2.c4 dxc4 3.e4 Nc6 4.Be3 Nf6 5.f3 e5 6.d5 Nd4 7.Bxd4 exd4 8.Qxd4 c6
9.Bxc4 cxd5 10.exd5 Bb4+ 11.Nc3 O-O 12.Ne2 Qc7 13.O-O-O Bc5 14.Qd2 a6 15.Kb1 b5
16.Bb3 Bd7 17.Ng3 Bd6 18.Nce4 Nxe4 19.Nxe4 Be5 20.d6 Qd8 21.Qd5 Bf4 22.g3 Bh6
23.Qh5 a5 24.h4 Be3 25.g4 h6 26.f4 a4 27.Bd5 a3 28.Rd3 Qb6 29.Nf6+ gxf6 30.Qg6+ Kh8
31.Qxh6+ Kg8 32.Qg6+ Kh8 33.Qxf6+ Kg8 34.Qg6+ Kh8 35.Qh6+ Kg8 36.Be4 f5 37.Bd5+ Rf7
38.Qg6+ Kh8  1-0

[Event "Wch U14 Girls"]
[Site "Szeged"]
[Date "1994.??.??"]
[Round "3"]
[White "Iwaniuk, Dorota"]
[Black "Hoang Than Trang"]
[Result "0-1"]
[WhiteElo "2025"]
[BlackElo "2260"]

1.d4 d5 2.c4 dxc4 3.e4 Nf6 4.Nc3 e5 5.d5 b5 6.Nxb5 Nxe4 7.Qa4 c6 8.dxc6 Bc5
9.Qxc4 Qa5+ 10.Ke2 Be6 11.Qxe4 Qxb5+ 12.Ke1 Bb4+ 13.Bd2 Bxd2+ 14.Kxd2 Qxb2+
15.Qc2 Qxa1 16.c7 O-O 17.Bd3 Nd7 18.Bxh7+ Kh8 19.Be4 Rac8 20.Bb7 Qxa2 21.Qxa2 Bxa2
22.Bxc8 Rxc8 23.Ne2 Rxc7 24.Nc3 Be6 25.Ra1 Nc5 26.Re1 Rb7 27.Rxe5 Rb2+ 28.Ke3 Nb7
29.Ne4 a6 30.Rg5 Rb5 31.f4 Rxg5 32.fxg5 Bd5 33.h4 Bxe4 34.Kxe4 a5 35.Kd4 Kh7
36.h5 Nd6 37.Kc5 Ne4+ 38.Kb5 Nxg5 39.Kxa5 f5 40.Kb5 Kh6  0-1

[Event "Szekszard op"]
[Site "Szekszard"]
[Date "1994.??.??"]
[Round "7"]
[White "Taskovits, Istvan"]
[Black "Skomorokhin, Roman"]
[Result "0-1"]
[WhiteElo "2270"]
[BlackElo "2425"]

1.d4 d5 2.c4 dxc4 3.e4 Nc6 4.Nf3 Bg4 5.Bxc4 e6 6.Be3 Bxf3 7.gxf3 Qf6 8.Bb5 Bb4+
9.Nc3 Ne7 10.e5 Qf5 11.Ke2 O-O-O 12.Qa4 Rxd4 13.Bxd4 Nxd4+ 14.Kf1 Qh3+ 15.Ke1 Qxf3
16.Qxa7 Nxb5  0-1

[Event "Tel Aviv ASA"]
[Site "Tel Aviv"]
[Date "1994.??.??"]
[Round "7"]
[White "Davies, Nigel R"]
[Black "Lev, Ronen"]
[Result "1/2-1/2"]
[WhiteElo "2525"]
[BlackElo "2475"]

1.d4 d5 2.c4 dxc4 3.e4 c5 4.d5 e6 5.Nc3 exd5 6.Nxd5 Nf6 7.Bxc4 Nxd5 8.Bxd5 Be7
9.Ne2 O-O 10.O-O Na6 11.Bf4 Qb6 12.Qd2 Be6 13.Nc3 Nb4 14.a3 Nxd5 15.exd5 Bd7
16.d6 Bf6 17.Nd5 Qxb2 18.Qxb2 Bxb2 19.Rab1 Bxa3 20.Rxb7 Rfd8 21.Ra1 Bb4 22.h3 Kf8
23.Raxa7 Rxa7 24.Rxa7 Be6 25.Ne7 Bd7 26.g4 f6 27.Nd5 Kf7 28.Rb7 Ke6 29.Nc7+ Kf7
30.Nd5 Ke6 31.Nxb4 cxb4 32.Rxb4 Bc6 33.Rb3 Kd7 34.h4 g5 35.hxg5 fxg5  1/2-1/2

[Event "Terrassa op"]
[Site "Terrassa"]
[Date "1994.??.??"]
[Round "5"]
[White "Cifuentes Parada, Roberto"]
[Black "Magem Badals, Jorge"]
[Result "1/2-1/2"]
[WhiteElo "2490"]
[BlackElo "2520"]

1.d4 d5 2.c4 dxc4 3.e4 Nf6 4.Nc3 e5 5.Nf3 exd4 6.Qxd4 Qxd4 7.Nxd4 Bc5 8.Be3 Ng4
9.Bxc4 c6 10.O-O Nd7 11.Rad1 Nxe3 12.fxe3 Ne5 13.Bb3 Bg4 14.Rd2 Rd8 15.Na4 Bd6
16.h3 Bc8 17.Nf5 Bxf5 18.exf5 f6 19.Rfd1 Ke7 20.Nc3 Bb4 21.Rxd8 Rxd8 22.Rxd8 Kxd8
23.Nd1 Bd6 24.Kf1 Nd7  1/2-1/2

[Event "Terrassa op"]
[Site "Terrassa"]
[Date "1994.??.??"]
[Round "6"]
[White "Romero Holmes, Alfonso"]
[Black "Cifuentes Parada, Roberto"]
[Result "1-0"]
[WhiteElo "2450"]
[BlackElo "2490"]

1.d4 d5 2.c4 dxc4 3.e4 c5 4.d5 e6 5.Bxc4 Nf6 6.Nc3 exd5 7.Nxd5 Nxd5 8.Bxd5 Be7
9.Nf3 O-O 10.O-O Qb6 11.a4 Nc6 12.Qe2 Bg4 13.Qb5 Qc7 14.Be3 Bxf3 15.gxf3 a6
16.Qb3 Bd6 17.Kg2 Rac8 18.Rfd1 Nb4 19.Bxb7 c4 20.Qc3 Rb8 21.Bd5 Nxd5 22.Rxd5 Rb3
23.Qd4 Rd3 24.Qb6 Qxb6 25.Bxb6 Rxd5 26.exd5 Rb8 27.a5 Kf8 28.Re1 Rc8 29.Re3 Bf4
30.Re4 Bd6 31.Re3 Bf4 32.Re4 Bd6 33.Bd4 Bb4 34.Bc3 Bxc3 35.bxc3 Rd8 36.Rd4 Ke7
37.f4 Rc8 38.d6+ Kd7 39.Rd5 Rc6 40.Kf3 f5 41.Ke3 g6 42.Kd4 h6 43.Rc5 Rxd6+
44.Rd5 Rxd5+ 45.Kxd5 g5 46.fxg5 hxg5 47.Ke5  1-0

[Event "Val Thorens Principal"]
[Site "Val Thorens"]
[Date "1994.??.??"]
[Round "2"]
[White "Tugui, Adrian"]
[Black "Piva, Giorgio"]
[Result "0-1"]
[WhiteElo "2200"]
[BlackElo "2255"]

1.d4 d5 2.c4 dxc4 3.e4 e5 4.Nf3 Bb4+ 5.Bd2 Bxd2+ 6.Nbxd2 exd4 7.Bxc4 Nc6
8.O-O Qf6 9.Bb5 Ne7 10.e5 Qg6 11.Nxd4 O-O 12.N4f3 Rd8 13.Kh1 Bg4 14.Bxc6 Nxc6
15.Qb3 b6 16.h3 Na5 17.Qc3 Bxf3 18.Nxf3 c5 19.Rad1 Nc6 20.a3 Qe6 21.Rfe1 h6
22.b4 cxb4 23.axb4 Rd5 24.b5 Rxb5 25.Rd6 Rc5 26.Qxc5 bxc5 27.Rxe6 fxe6 28.Rc1 Nd4
29.Rxc5 Nxf3 30.gxf3 a5 31.Rc3 a4 32.Ra3 Kf7 33.Kg2 Kg6 34.f4 Kf5 35.Kf3 g5
36.fxg5 hxg5 37.Kg3 Ra5 38.Kf3 Kxe5 39.Ke3 Kd5 40.Kd3 Kc5 41.Kc3 Kb5 42.Ra2 a3
43.Kb3 Kc5 44.Kc3 Kd5 45.Kb4 Ra8 46.Rd2+ Ke4 47.Ra2 Kd3 48.Kc5 Kc3 49.Kd6 Kb3
50.Ra1 a2 51.Kxe6 Ra5 52.Re1 Rc5 53.Kf6 Kb2 54.Kg6 a1=Q 55.Rxa1 Kxa1 56.Kh5 Kb2
57.Kg4 Kc3 58.f4 gxf4 59.Kxf4 Kd4 60.h4 Ra5 61.Kg4 Ke5  0-1

[Event "Vantaa op"]
[Site "Vantaa"]
[Date "1994.??.??"]
[Round "?"]
[White "Lokotar, Erkki"]
[Black "Shalnev, Nicolai"]
[Result "0-1"]
[WhiteElo "2330"]
[BlackElo "2295"]

1.d4 d5 2.c4 dxc4 3.e4 e5 4.Nf3 exd4 5.Bxc4 Bb4+ 6.Nbd2 Nc6 7.O-O Nf6 8.e5 Nd5
9.Nb3 Be7 10.Nbxd4 Nxd4 11.Nxd4 Nb6 12.Bb3 O-O 13.a4 a6 14.a5 Nd5 15.Qf3 c6
16.Rd1 Re8 17.Ne2 Qc7 18.Nc3 Qxe5 19.Bxd5 cxd5 20.Bf4 Qf5 21.Nxd5 Bd8 22.Re1 Rxe1+
23.Rxe1 Be6 24.Nb6 Qxa5  0-1

[Event "Hoogovens-B"]
[Site "Wijk aan Zee"]
[Date "1994.??.??"]
[Round "1"]
[White "Cifuentes Parada, Roberto"]
[Black "Jonkman, Harmen"]
[Result "1-0"]
[WhiteElo "2500"]
[BlackElo "2340"]

1.d4 d5 2.c4 dxc4 3.e4 Nf6 4.Nc3 e5 5.Nf3 exd4 6.Qxd4 Qxd4 7.Nxd4 Bc5 8.Ndb5 Na6
9.Bf4 Be6 10.Bxc7 O-O 11.Bd6 Rfd8 12.Bxc5 Nxc5 13.Nc7 Rac8 14.Nxe6 Nxe6 15.f3 a6
16.a4 Rc5 17.Be2 Kf8 18.Kf2 b5 19.axb5 axb5 20.Rhd1 Rdc8 21.Ke3 b4 22.Na4 R5c6
23.e5 Nh5 24.g3 g5 25.Ke4 Nhg7 26.Rd6 Rxd6 27.exd6 Ne8 28.Ke5 Ra8 29.Bxc4 Ra5+
30.Bd5 N8c7 31.dxc7 Nxc7 32.Rd1 Rxa4 33.Bxf7 Kxf7 34.Rd7+ Kg6 35.Rxc7 Ra2
36.Rc6+ Kg7 37.Rc2 b3 38.Re2 Ra1 39.Re3 Rh1 40.Rxb3 Rxh2 41.Kf5 h6 42.Rb7+ Kf8
43.g4 Rc2 44.b4 Rc3 45.b5 Rxf3+ 46.Kg6 Rf4 47.b6 Rb4 48.Kxh6 Rxg4 49.Rc7  1-0

[Event "ARG-ch playoff"]
[Site "?"]
[Date "1995.??.??"]
[Round "1"]
[White "Sorin, Ariel"]
[Black "Ricardi, Pablo"]
[Result "1-0"]
[WhiteElo "2505"]
[BlackElo "2530"]

1.d4 d5 2.c4 dxc4 3.e4 Nf6 4.e5 Nd5 5.Bxc4 Nb6 6.Bd3 Nc6 7.Ne2 Bg4 8.f3 Be6
9.Nbc3 Qd7 10.Ne4 O-O-O 11.Nc5 Qe8 12.Nxe6 fxe6 13.Be3 Nd5 14.Bd2 Nb6 15.Bc3 g6
16.Qd2 Kb8 17.a4 Nd5 18.O-O Bg7 19.Rfd1 Rf8 20.b4 Qd7 21.Be4 Rc8 22.Nc1 Bh6
23.Qb2 Ne3 24.Rd3 Nc4 25.Qa2 Be3+ 26.Kh1 Bxc1 27.Qxc4 Bh6 28.d5 exd5 29.Bxd5 Qe8
30.b5 Nd8 31.g3 e6 32.Be4 Nf7 33.Bc6 Qe7 34.Rd7 Qg5 35.f4 Qg4 36.Bxb7  1-0

[Event "ARG-ch"]
[Site "?"]
[Date "1995.??.??"]
[Round "4"]
[White "Sorin, Ariel"]
[Black "Spangenberg, Hugo"]
[Result "1/2-1/2"]
[WhiteElo "2500"]
[BlackElo "2490"]

1.d4 d5 2.c4 dxc4 3.e4 c5 4.d5 Nf6 5.Nc3 e6 6.Bxc4 exd5 7.Nxd5 Nxd5 8.Bxd5 Be7
9.Nf3 O-O 10.O-O Na6 11.Bf4 Nc7 12.Bb3 Be6 13.Qxd8 Bxd8 14.Rfd1 Bxb3 15.axb3 Ne6
16.Be3 Bc7 17.Rd5 Rfd8 18.g3 b6 19.Kf1 Kf8 20.Rxd8+  1/2-1/2

[Event "ARG-ch"]
[Site "?"]
[Date "1995.??.??"]
[Round "6"]
[White "Servat, Roberto"]
[Black "Spangenberg, Hugo"]
[Result "1/2-1/2"]
[WhiteElo "2450"]
[BlackElo "2490"]

1.d4 d5 2.c4 dxc4 3.e4 c5 4.d5 Nf6 5.Nc3 e6 6.Bxc4 exd5 7.Nxd5 Nxd5 8.Bxd5 Be7
9.Qh5 O-O 10.Nf3 Nd7 11.Ng5 Nf6 12.Bxf7+ Kh8 13.Qh4 Qd3 14.Qg3 Qa6 15.Qb3 b5
16.O-O c4 17.Qg3 Nxe4 18.Qh4 Bxg5 19.Bxg5 Bb7 20.Bh5 Qc6 21.Be7 Nd2 22.f3 Nxf1
23.Bxf8 Rxf8 24.Rxf1 Qc5+ 25.Kh1 b4 26.Bg6 h6 27.Re1 Bd5 28.Qe7 Qxe7 29.Rxe7 Rf6
30.Bc2 Ra6 31.Re8+ Bg8 32.h4 g5 33.hxg5 hxg5 34.Be4 Kg7 35.Rb8 b3 36.axb3 cxb3
37.Rb5 Kh6 38.Rb8 Bf7 39.Rb7 Bg8 40.Rb8 Kg7 41.Rb5 Ra2 42.Rxg5+ Kf8 43.Rb5 a5
44.Kh2 a4 45.Rb8+ Kg7 46.Rb4 Bf7 47.Bc6 Rxb2 48.Rxa4 Rd2 49.Be4 b2 50.Rb4 Ba2
51.Kh3 Re2 52.Bf5 Kf6 53.Bh7 Bd5 54.Rb5 Rd2 55.Kg3 Bc4 56.Rb8 Bf1 57.Kf4 Rxg2
58.Rb6+ Ke7  1/2-1/2

[Event "ARG-ch"]
[Site "?"]
[Date "1995.??.??"]
[Round "9"]
[White "Ricardi, Pablo"]
[Black "Gomez Baillo, Jorge H"]
[Result "1-0"]
[WhiteElo "2545"]
[BlackElo "2420"]

1.d4 d5 2.c4 dxc4 3.e4 e5 4.Nf3 Bb4+ 5.Nc3 exd4 6.Qxd4 Qxd4 7.Nxd4 Nf6 8.f3 a6
9.Bxc4 O-O 10.Bf4 b5 11.Be2 Bc5 12.O-O-O Bb6 13.g4 Re8 14.h4 Bb7 15.h5 Nc6
16.Nf5 Rad8 17.g5 Nd7 18.Nd5 Rc8 19.Kb1 Bc5 20.Nxc7 Red8 21.Nd5 Nf8 22.b4 Nxb4
23.Nde7+ Kh8  1-0

[Event "AUT-chT2O 9495"]
[Site "?"]
[Date "1995.??.??"]
[Round "?"]
[White "Lehner, Oliver"]
[Black "Zoebisch, Herbert"]
[Result "1/2-1/2"]
[WhiteElo "2285"]
[BlackElo "2295"]

1.d4 d5 2.c4 dxc4 3.e4 c5 4.d5 Nf6 5.Nc3 e6 6.Bxc4 exd5 7.exd5 a6 8.a4 Bd6
9.Qe2+ Qe7 10.Bg5 Qxe2+ 11.Ngxe2 Nbd7 12.Ng3 O-O 13.O-O h6 14.Bxf6 Nxf6 15.a5 Re8
16.Rfe1 Rxe1+ 17.Rxe1 Bd7 18.Nge4 Nxe4 19.Nxe4 Re8 20.Kf1 Bf8 21.f3 Rd8 22.Rd1 Bf5
23.Rd3 Bd6 24.Rb3 Bxe4 25.fxe4 Rd7 26.Kf2 Kf8 27.Kf3 Ke7 28.g3 g6 29.h4 h5
30.Rb6 Kd8 31.Rxd6 Rxd6 32.e5 b5 33.Ba2 Rd7 34.Ke4 c4 35.Kd4 Rc7 36.Kc3 Rc5
37.Kd4 Rc8 38.Ke3 Rc5 39.Kd4 Rc8 40.Kc3 Rc5 41.Kd4  1/2-1/2

[Event "Balatonbereny"]
[Site "Balatonbereny"]
[Date "1995.??.??"]
[Round "9"]
[White "Romanishin, Oleg M"]
[Black "Gyimesi, Zoltan"]
[Result "1-0"]
[WhiteElo "2580"]
[BlackElo "2525"]

1.d4 d5 2.c4 dxc4 3.e4 c5 4.d5 e6 5.Nc3 exd5 6.Nxd5 Ne7 7.Bxc4 Nxd5 8.Bxd5 Be7
9.Nf3 O-O 10.O-O Na6 11.Bf4 Nc7 12.Bxc7 Qxc7 13.h3 Qb6 14.Qc2 Be6 15.Rad1 Rad8
16.b3 Bxd5 17.exd5 Bf6 18.Rfe1 Qd6 19.Qe4 Bc3 20.Re2 b6 21.Qe7 Qb8 22.Qg5 h6
23.Qc1 Bf6 24.Rd3 Rd7 25.Qe1 Rfd8 26.Ne5 Rxd5 27.Rxd5 Rxd5 28.Nd7 Qd6 29.Re8+ Kh7
30.Qe4+  1-0

[Event "Oberliga Bayern9495"]
[Site "Bayern"]
[Date "1995.??.??"]
[Round "2"]
[White "Haag, Wolfgang"]
[Black "Bus, Mariusz"]
[Result "0-1"]
[WhiteElo "2345"]
[BlackElo "2385"]

1.d4 d5 2.c4 dxc4 3.e4 c5 4.d5 Nf6 5.Nc3 e6 6.Bxc4 exd5 7.Nxd5 Nxd5 8.Bxd5 Be7
9.Ne2 O-O 10.O-O Na6 11.Bf4 Qb6 12.Qb3 Nb4 13.Bc4 Be6 14.Rfd1 Bxc4 15.Qxc4 Rad8
16.Nc3 Rd4 17.Rxd4 cxd4 18.Nb5 Qc5 19.Rc1 Qxc4 20.Rxc4 d3 21.a3 Nc6 22.Nd4 Ne5
23.Rc1 Bf6 24.Be3 Rd8 25.b3 Ng4 26.Nf5 g6 27.Nh6+ Nxh6 28.Bxh6 Bb2 29.Rd1 Bxa3
30.Kf1 f6 31.Be3 a6 32.f3 Kf7 33.Ke1 Ke6 34.Kd2 Bb4+ 35.Kc1 b5 36.Bd2 Bd6
37.g3 Rc8+ 38.Kb1 Rc2 39.f4 Bc5 40.Ba5 Rxh2 41.Rxd3 Re2 42.Rc3 Kd6 43.Bd8 Rxe4
44.Bxf6 Re3 45.Kc2 h5 46.Rd3+ Rxd3 47.Kxd3 Kd5 48.Bd8 Bf2 49.Bh4 a5 50.Ke2 Bc5
51.Kd3 a4 52.Bf6 Bf2 53.bxa4 bxa4 54.Bh4 a3 55.Kc3 Ke4 56.Kb3 Kf3  0-1

[Event "Benasque op"]
[Site "Benasque"]
[Date "1995.??.??"]
[Round "4"]
[White "Hillarp Persson, Tiger"]
[Black "De la Villa Garcia, Jesus Maria"]
[Result "0-1"]
[WhiteElo "2395"]
[BlackElo "2500"]

1.d4 d5 2.c4 dxc4 3.e4 Nc6 4.Nf3 Bg4 5.d5 Ne5 6.Nc3 Nf6 7.Bf4 Ng6 8.Be3 e5
9.Bxc4 a6 10.h3 Bd7 11.h4 h5 12.Ng5 Bd6 13.f3 Qe7 14.g3 Nh7 15.Qd2 Nxg5 16.Bxg5 f6
17.Be3 Bc5 18.Rc1 O-O-O 19.a3 Kb8 20.Na2 Bxe3 21.Qxe3 Qd6 22.Rh2 f5 23.Nb4 f4
24.gxf4 exf4 25.Qb3 Qb6 26.Kf1 Ne5 27.Be2 a5 28.Qc3 Ng4 29.Nc6+ bxc6 30.fxg4 hxg4
31.dxc6 g3 32.cxd7 gxh2 33.Kg2 Rxd7 34.h5 Rhd8 35.Rc2 Qg1+  0-1

[Event "Berliner Sommer"]
[Site "Berlin"]
[Date "1995.??.??"]
[Round "8"]
[White "Rogozenko, Dorin"]
[Black "Ibragimov, Ildar"]
[Result "1/2-1/2"]
[WhiteElo "2440"]
[BlackElo "2580"]

1.d4 d5 2.c4 dxc4 3.e4 e5 4.Nf3 exd4 5.Bxc4 Nc6 6.O-O Be6 7.Bxe6 fxe6 8.Qb3 Qd7
9.Qxb7 Rb8 10.Qa6 Nf6 11.Nbd2 Bd6 12.a3 O-O 13.b4 Ng4 14.Qa4 a5 15.bxa5 d3
16.Ra2 Ra8 17.a6 Nce5 18.Qxd7 Nxd7 19.h3 Nge5 20.Nxe5 Nxe5 21.Bb2 Rxa6 22.Bxe5 Bxe5
23.Rd1 Rd8 24.a4 Bc3 25.Nf3 Bb4 26.Kf1 c5 27.Ne5 d2 28.Ke2 Rd4 29.Ke3 Bc3
30.Rc2 Bb4 31.Nd3 Rxa4 32.Nxb4 Rdxb4 33.f3 Ra3+  1/2-1/2

[Event "Bern op"]
[Site "Bern"]
[Date "1995.??.??"]
[Round "6"]
[White "Razuvaev, Yuri S"]
[Black "Almasi, Istvan"]
[Result "1-0"]
[WhiteElo "2580"]
[BlackElo "2375"]

1.d4 d5 2.c4 dxc4 3.e4 Nf6 4.e5 Nd5 5.Bxc4 Nb6 6.Bb3 Nc6 7.Ne2 Bf5 8.Nbc3 e6
9.O-O Be7 10.Be3 Qd7 11.a3 O-O 12.Qc1 Na5 13.Bc2 Bxc2 14.Qxc2 Nac4 15.Bf4 Nd5
16.Nxd5 exd5 17.a4 c6 18.b3 Nb6 19.a5 Nc8 20.a6 Nb6 21.axb7 Qxb7 22.Ng3 g6
23.Bh6 Rfc8 24.f4 c5 25.f5 cxd4 26.Qf2 Bf8 27.Qf4 Qe7 28.Rae1 Bxh6 29.Qxh6 Qf8
30.Qg5 Qd8 31.f6 Rc7 32.Nf5 Qf8 33.Nh6+ Kh8 34.Nxf7+ Rxf7 35.e6 Rb7 36.f7 Qg7
37.e7  1-0